| 000 | 00398nam a2200181Ia 4500 | ||
|---|---|---|---|
| 008 | 210210b1951 xxu||||| |||| 00| 0 eng d | ||
| 041 | _aeng | ||
| 082 | _a930/83 | ||
| 100 | _aMURRAY (M A) | ||
| 245 | _aSplendour that was egypt | ||
| 260 |
_aLondon _b- _c1951 |
||
| 650 | _awas | ||
| 650 | _athat | ||
| 650 | _aSplendour | ||
| 650 | _aegypt | ||
| 690 | _aAncient History | ||
| 906 | _a024994 | ||
| 999 |
_c150688 _d150688 |
||